Statistics for Boston Celtics Playoffs Starters

Click here to take the quiz!

General Stats

  • This quiz has been taken 55 times
    (4 since last reset)
  • The average score is 32 of 95

Answer Stats

Answer % Correct
Rajon Rondo
100%
Robert Parish
100%
Art Williams
100%
Paul Pierce
100%
Bill Russell
100%
Ray Allen
100%
Kendrick Perkins
100%
Dennis Johnson
100%
Kevin Garnett
100%
Larry Bird
100%
Kevin McHale
100%
Tony Allen
100%
Amir Johnson
100%
Dee Brown
100%
Antoine Walker
100%
Kemba Walker
100%
Jaylen Brown
100%
Jayson Tatum
100%
Eric Williams
100%
John Havlicek
75%
Al Horford
75%
K.C. Jones
75%
Sam Jones
75%
Isaiah Thomas
75%
Jermaine O'Neal
50%
Jo Jo White
50%
Danny Ainge
50%
Jeff Green
50%
Daniel Theis
50%
Marcus Smart
50%
Bob Cousy
50%
Kyrie Irving
50%
Tom Heinsohn
50%
Tony Delk
25%
Kenny Anderson
25%
Eric Montross
25%
Dominique Wilkins
25%
Gary Payton
25%
Jae Crowder
25%
Avery Bradley
25%
Reggie Lewis
25%
Frank Ramsey
25%
Tiny Archibald
25%
Tom Sanders
25%
Dave Cowens
25%
Tony Battie
25%
Raef LaFrentz
25%
Cedric Maxwell
25%
Mark Blount
0%
Walter McCarty
0%
Jared Sullinger
0%
Chucky Atkins
0%
Terry Rozier
0%
Glen Davis
0%
Evan Turner
0%
Jonas Jerebko
0%
Tyler Zeller
0%
Brandon Bass
0%
Aron Baynes
0%
Jiri Welsch
0%
Saul Mariaschin
0%
Derek Strong
0%
Em Bryant
0%
Mel Riebe
0%
Mike Bloom
0%
Ed Sadowski
0%
Bones McKinney
0%
Bob Donham
0%
Chuck Cooper
0%
Bob Harris
0%
Bob Brannum
0%
Ed Macauley
0%
Jack Nichols
0%
Arnie Risen
0%
Jim Loscutoff
0%
Bill Sharman
0%
Larry Siegfried
0%
Bailey Howell
0%
Sherman Douglas
0%
Don Chaney
0%
Paul Westphal
0%
Paul Silas
0%
Don Nelson
0%
Charlie Scott
0%
Sidney Wicks
0%
Chris Ford
0%
M.L. Carr
0%
Gerald Henderson
0%
Brian Shaw
0%
Jack Garfinkel
0%
Ed Pinckney
0%
Kevin Gamble
0%
Alaa Abdelnaby
0%
John Bagley
0%

Score Distribution

Percentile by Number Answered

Percent of People with Each Score

Your Score History

You have not taken this quiz since the last reset